Essays in biography : (Record no. 23938)
[ view plain ]
| 000 -LEADER | |
|---|---|
| fixed length control field | 01171cam a2200325 4500 |
| 001 - CONTROL NUMBER | |
| control field | 23938 |
| 003 - CONTROL NUMBER IDENTIFIER | |
| rucl marc code | BD-RjUL |
| 005 - DATE AND TIME OF LATEST TRANSACTION | |
| control field | 20211209001004.0 |
| 008 - FIXED-LENGTH DATA ELEMENTS--GENERAL INFORMATION | |
| fixed length control field | 140312s19611933enkc b 001 0 eng |
| 035 ## - SYSTEM CONTROL NUMBER | |
| System control number | (BD-RjUL)24003 |
| 040 ## - CATALOGING SOURCE | |
| Original cataloging agency | DLC |
| Transcribing agency | DLC |
| Language of cataloging | eng |
| 041 ## - LANGUAGE CODE | |
| Language code of text/sound track or separate title | eng |
| 082 ## - DEWEY DECIMAL CLASSIFICATION NUMBER | |
| Classification number | 920 |
| Author mark and year | KEE 1961 |
| 100 1# - MAIN ENTRY--PERSONAL NAME | |
| Personal name | Keynes, John Maynard, |
| Dates associated with a name | 1883-1946. |
| 9 (RLIN) | 6591 |
| 245 10 - TITLE STATEMENT | |
| Title | Essays in biography : |
| Remainder of title | New ed., with three additional essays / |
| Statement of responsibility, etc. | by John Maynard Keynes ; edited by Geoffrey Keynes. |
| 250 ## - EDITION STATEMENT | |
| Edition statement | 2nd.ed. |
| 260 ## - PUBLICATION, DISTRIBUTION, ETC. (IMPRINT) | |
| Place of publication, distribution, etc. | London : |
| Name of publisher, distributor, etc. | R. Hart-Davis, |
| Date of publication, distribution, etc. | c1951 [mercury books 1961] |
| 300 ## - PHYSICAL DESCRIPTION | |
| Pagination | 354 p. : |
| Illustrations | Ill.. ; |
| Size | 19 cm. |
| 490 1# - SERIES STATEMENT | |
| Series statement | Mercury Books ; |
| Volume/sequential designation | No. 7. |
| 500 ## - GENERAL NOTE | |
| General note | "Paperback Books Published In 1961 By Mercury Books and this book has a Series title :Mercury Books ; No. 7." |
| 504 ## - BIBLIOGRAPHY, ETC. NOTE | |
| Bibliography, etc | Includes bibliographical references (p. 348) and index. |
| 650 #0 - SUBJECT ADDED ENTRY--TOPICAL TERM | |
| Topical term or geographic name as entry element | Statesmen |
| Geographic subdivision | Great Britain. |
| 9 (RLIN) | 73710 |
| Topical term or geographic name as entry element | Economists |
| Geographic subdivision | Great Britain. |
| 9 (RLIN) | 6592 |
| 651 #0 - SUBJECT ADDED ENTRY--GEOGRAPHIC NAME | |
| Geographic name | Great Britain |
| Form subdivision | Biography. |
| 9 (RLIN) | 46028 |
| 700 ## - ADDED ENTRY--PERSONAL NAME | |
| Personal name | Keynes, Geoffrey ,ed. |
| 830 ## - SERIES ADDED ENTRY--UNIFORM TITLE | |
| Uniform title | Mercury Books ; No. 7. |
| 942 ## - ADDED ENTRY ELEMENTS (KOHA) | |
| Source of classification or shelving scheme | Dewey Decimal Classification |
| Koha item type | Books |
| Lost status | Source of classification or shelving scheme | Damaged status | Not for loan | Collection code | Permanent Location | Current Location | Shelving location | Date acquired | Source of acquisition | Cost, normal purchase price | Total Checkouts | Full call number | Date last seen | Copy number | Koha item type |
|---|---|---|---|---|---|---|---|---|---|---|---|---|---|---|---|
| Dewey Decimal Classification | Non-fiction | Central Library, University of Rajshahi | Central Library, University of Rajshahi | Reading Room | 11/09/1990 | Shawkat Osman | 26.00 | 920 KEE 1961 | 12/03/2014 | C-1 | Books | ||||
| Dewey Decimal Classification | Non-fiction | Central Library, University of Rajshahi | Central Library, University of Rajshahi | Reading Room | 04/06/1964 | Zeitlinger | 12.60 | 920 KEE 1951 | 13/03/2014 | C-2 | Books | ||||
| Dewey Decimal Classification | Non-fiction | Central Library, University of Rajshahi | Central Library, University of Rajshahi | Reading Room | 04/06/1964 | Zeitlinger | 12.60 | 920 KEE 1951 | 13/03/2014 | C-3 | Books | ||||
| Dewey Decimal Classification | Non-fiction | Central Library, University of Rajshahi | Central Library, University of Rajshahi | Reading Room | 04/06/1964 | Zeitlinger | 12.60 | 920 KEE 1951 | 13/03/2014 | C-4 | Books | ||||
| Dewey Decimal Classification | Non-fiction | Central Library, University of Rajshahi | Central Library, University of Rajshahi | 04/06/1964 | Zeittlinger | 12.60 | 920 KEE 1951 | 26/04/2014 | C-5 | Books |